000 00464nam a2200145Ia 4500
008 100204s9999 xx 000 0 und d
082 _b729
100 _aवाळिंबे वि. स.
245 _aऑपरेशन थंडर
260 _b"अजब पुस्तकालय, कोल्हापूर"
_c1976
300 _a96
630 _aऑपरेशन थंडर
730 _aऑपरेशन थंडर
942 _cBOOK
999 _c445924
_d445921